000 00559nam a2200217Ia 4500
003 OSt
005 20220924143325.0
006 a|||||r|||| 00| 0
007 ta
008 220923b |||||||| |||| 00| 0 urd d
024 _a307793
037 _cTextual
040 _aARTS
_cARTS
_burd
041 _2urd
_aurd
082 _aM14v, 168M2
100 _aMuqeetul hasan
_9215462
245 0 _aKolkata ke qadeem urdu mutaba aur unki matbuat
260 _c1982
942 _hM14v, 168M2
_cTEXL
_2CC
999 _c454101
_d454101